[Event "Steve Boniface Memorial 2017 Open"]
[Site "Bristol"]
[Date "2017.08.25"]
[Round "1.1"]
[White "Stranger, Morris"]
[Black "Reznak, Attila"]
[Result "0-1"]
[WhiteElo "1998"]
[BlackElo "2283"]
[PlyCount "74"]
[EventDate "2017.08.25"]

1. d4 c5 2. c3 e6 3. Nf3 Qc7 4. g3 Nf6 5. Bf4 d6 6. Nbd2 Nd5 7. e4 Nxf4 8. gxf4
g6 9. h4 Bh6 10. Ng5 f6 11. Nh3 d5 12. Bg2 cxd4 13. cxd4 O-O 14. Rc1 Qa5 15.
Rc5 Qb4 16. O-O Qxd4 17. Nb3 Qxb2 18. exd5 Na6 19. Rc2 Qa3 20. dxe6 Bxe6 21.
Qf3 Rac8 22. Rxc8 Bxc8 23. Qd5+ Kh8 24. Re1 Qxa2 25. Re7 Qa3 26. Rf7 Rxf7 27.
Qxf7 Qf8 28. Qc4 b6 29. Kh1 Qe8 30. Qc3 Bg7 31. Ng1 Qd7 32. Bh3 Bb7+ 33. f3 f5
34. Qe3 Nb4 35. Bf1 h6 36. Ne2 Nc2 37. Qf2 Qd5 0-1

[Event "Steve Boniface Memorial 2017 Open"]
[Site "Bristol"]
[Date "2017.08.25"]
[Round "1.2"]
[White "Beaumont, Chris R"]
[Black "Wilks, Simon"]
[Result "1/2-1/2"]
[WhiteElo "2282"]
[BlackElo "1997"]
[PlyCount "51"]
[EventDate "2017.08.25"]

1. Nf3 d5 2. d4 Nf6 3. c4 e6 4. g3 Bb4+ 5. Bd2 a5 6. Bg2 dxc4 7. Qc2 Nc6 8.
Qxc4 Qd5 9. Qxd5 Bxd2+ 10. Nbxd2 exd5 11. Rc1 O-O 12. Ne5 Nxd4 13. Rxc7 b6 14.
Ndf3 Ne6 15. Rc6 Ba6 16. Rxb6 Rfb8 17. Rxb8+ Rxb8 18. b3 Rc8 19. O-O Bxe2 20.
Re1 Rc2 21. Bh3 Bxf3 22. Bxe6 fxe6 23. Nxf3 Ne4 24. Nd4 Rxa2 25. f3 Ng5 26. h4
1/2-1/2

[Event "Steve Boniface Memorial 2017 Open"]
[Site "Bristol"]
[Date "2017.08.25"]
[Round "1.3"]
[White "Bogdan, Horia D"]
[Black "Magrini, Fabrizio"]
[Result "0-1"]
[WhiteElo "1946"]
[BlackElo "2278"]
[PlyCount "112"]
[EventDate "2017.08.25"]

1. c4 c5 2. g3 Nc6 3. Bg2 g6 4. Nc3 Bg7 5. a3 d6 6. Rb1 a5 7. Nf3 e5 8. O-O f5
9. d3 Nf6 10. Bd2 h6 11. Ne1 O-O 12. Nc2 Bd7 13. b4 axb4 14. axb4 cxb4 15. Nxb4
Nxb4 16. Rxb4 Be6 17. Qb3 Rf7 18. Rb1 Nd7 19. Bd5 Bxd5 20. Nxd5 f4 21. gxf4 Qh4
22. Rxb7 exf4 23. Bxf4 Nc5 24. Rb8+ Kh7 25. Qc2 Rxb8 26. Rxb8 Rxf4 27. Nxf4
Qxf4 28. e3 Qf5 29. Rb5 Qg4+ 30. Kf1 Qh3+ 31. Ke2 Qh5+ 32. Ke1 Qxh2 33. d4 Qh1+
34. Ke2 Ne4 35. Kd3 Qf3 36. Rb2 Qf5 37. f4 d5 38. cxd5 Qxd5 39. Qg2 Nc5+ 40.
Kc3 Na4+ 41. Kb4 Nb6 42. Qe2 Bf8+ 43. Kc3 Na4+ 44. Kc2 Qc6+ 45. Kb3 Nxb2 46.
Kxb2 Bg7 47. Qd3 Qd5 48. Kc3 h5 49. e4 Qc5+ 50. Kd2 Qxd4 51. Qxd4 Bxd4 52. Ke2
Kg7 53. Kf3 Kf6 54. Kg3 Be5 55. Kf3 Bxf4 56. Kxf4 g5+ 0-1

[Event "Steve Boniface Memorial 2017 Open"]
[Site "Bristol"]
[Date "2017.08.25"]
[Round "1.4"]
[White "Stewart, Ashley"]
[Black "Davis, Lee"]
[Result "1-0"]
[WhiteElo "2112"]
[BlackElo "1945"]
[PlyCount "111"]
[EventDate "2017.08.25"]

1. c4 Nf6 2. g3 g6 3. Bg2 Bg7 4. Nc3 O-O 5. Nf3 d6 6. O-O c6 7. Rb1 Bf5 8. d3
Qc8 9. b4 Bh3 10. b5 Bxg2 11. Kxg2 Nfd7 12. Bb2 Ne5 13. Nxe5 dxe5 14. Qb3 Nd7
15. Ba3 Re8 16. bxc6 bxc6 17. Qb7 Nb6 18. Qxc8 Raxc8 19. c5 Nd5 20. Nxd5 cxd5
21. Rb7 Bf8 22. Rfb1 e6 23. R1b5 a6 24. Ra5 Rc6 25. e3 Rec8 26. d4 exd4 27.
exd4 e5 28. Rd7 exd4 29. Rxd5 Be7 30. Rd7 Bf6 31. Ra4 Re6 32. Kf3 Rcc6 33. Rb4
Re7 34. Rd8+ Kg7 35. Rb6 Ree6 36. Rxc6 Rxc6 37. Rd6 Rc8 38. Rxa6 Be7 39. Ra5 d3
40. Ke3 Rd8 41. Bb4 g5 42. g4 h5 43. h3 hxg4 44. hxg4 Bf6 45. Ra3 Bd4+ 46. Kd2
Bxf2 47. c6 Bg3 48. Rxd3 Bf4+ 49. Kc2 Rc8 50. Rc3 Kf6 51. a4 Ke6 52. a5 Kd5 53.
a6 Rxc6 54. a7 Ra6 55. Ra3 Rc6+ 56. Kd3 1-0

[Event "Steve Boniface Memorial 2017 Open"]
[Site "Bristol"]
[Date "2017.08.25"]
[Round "1.5"]
[White "Burnett, Leon P"]
[Black "Bicknell, Carl"]
[Result "0-1"]
[WhiteElo "1899"]
[BlackElo "2103"]
[PlyCount "98"]
[EventDate "2017.08.25"]

1. c4 c5 2. Nc3 g6 3. g3 Bg7 4. Bg2 Nc6 5. e4 Nf6 6. Nge2 O-O 7. O-O d6 8. Rb1
Ne8 9. a3 a5 10. d3 Nc7 11. Be3 Nd4 12. f4 Bg4 13. h3 Bxe2 14. Nxe2 Nxe2+ 15.
Qxe2 Ne6 16. h4 Bd4 17. f5 Bxe3+ 18. Qxe3 Nd4 19. fxg6 fxg6 20. e5 Rb8 21. e6
Qc7 22. Bd5 Kg7 23. h5 Rf6 24. Rxf6 exf6 25. hxg6 hxg6 26. Kg2 Nf5 27. Qd2 Rh8
28. Rf1 b6 29. g4 Nd4 30. Qe3 Qe7 31. Rh1 Rxh1 32. Kxh1 g5 33. Qe4 Kf8 34. Kg2
Qg7 35. Bc6 Ke7 36. Bd7 f5 37. Qb7 Kf6 38. Qxb6 Ke5 39. Qb7 fxg4 40. Qd5+ Kf6
41. Qxd6 Qe7 42. Qd5 Nf5 43. Kg1 g3 44. Qf3 Qh7 45. e7 Qh2+ 46. Kf1 g2+ 47.
Qxg2 Ne3+ 48. Ke2 Qxg2+ 49. Kxe3 Kxe7 0-1

[Event "Steve Boniface Memorial 2017 Open"]
[Site "Bristol"]
[Date "2017.08.25"]
[Round "1.6"]
[White "Dilleigh, Stephen P"]
[Black "Allison, Conrad"]
[Result "1-0"]
[WhiteElo "2075"]
[BlackElo "1886"]
[PlyCount "43"]
[EventDate "2017.08.25"]

1. Nf3 Nf6 2. c4 g6 3. Nc3 Bg7 4. d4 O-O 5. e4 d6 6. Be2 e5 7. Be3 Nc6 8. d5
Ne7 9. Nd2 Nd7 10. b4 f5 11. f3 Nf6 12. c5 Nh5 13. Nc4 fxe4 14. fxe4 Nf4 15.
Bf1 h6 16. a4 Kh7 17. cxd6 cxd6 18. Nb5 h5 19. Nbxd6 Bg4 20. Qd2 Rf6 21. Nxb7
Qd7 22. Nc5 1-0

[Event "Steve Boniface Memorial 2017 Open"]
[Site "Bristol"]
[Date "2017.08.25"]
[Round "1.7"]
[White "Borkowski, J Andrew"]
[Black "Musson, Adam J"]
[Result "0-1"]
[WhiteElo "1870"]
[BlackElo "2071"]
[PlyCount "62"]
[EventDate "2017.08.25"]

1. d4 Nf6 2. e3 d5 3. Bd3 g6 4. f4 Bg7 5. Nd2 Nbd7 6. Ngf3 O-O 7. O-O c5 8. c3
b6 9. Ne5 Bb7 10. Qf3 a5 11. a4 e6 12. g4 Nxe5 13. fxe5 Nd7 14. Qh3 Ba6 15.
Bxa6 Rxa6 16. Nf3 f5 17. exf6 Qxf6 18. Bd2 Qe7 19. Be1 e5 20. Bh4 Qe8 21. Ng5
h6 22. Rxf8+ Nxf8 23. Nf3 Ra7 24. b3 exd4 25. exd4 Qe3+ 26. Bf2 Qxc3 27. Re1
cxd4 28. Qg2 Rf7 29. Ne5 Bxe5 30. Rxe5 d3 31. Qxd5 d2 0-1

[Event "Steve Boniface Memorial 2017 Open"]
[Site "Bristol"]
[Date "2017.08.25"]
[Round "1.8"]
[White "Morris, Gareth L"]
[Black "Fisher, Jon"]
[Result "1-0"]
[WhiteElo "2062"]
[BlackElo "1840"]
[PlyCount "63"]
[EventDate "2017.08.25"]

1. d4 c5 2. d5 f5 3. Nc3 Nf6 4. Nf3 g6 5. e4 fxe4 6. Ng5 Bg7 7. Be2 h6 8. Ngxe4
d6 9. O-O Na6 10. Bb5+ Bd7 11. Qd3 Nb4 12. Nxd6+ Kf8 13. Qxg6 exd6 14. Bf4 Be8
15. Bxe8 Nxe8 16. a3 Bxc3 17. bxc3 Nxd5 18. Bxh6+ Rxh6 19. Qxh6+ Ke7 20. Rfe1+
Kd7 21. Qe6+ Kc6 22. c4 Ndf6 23. Qf7 Rc8 24. Re7 Rc7 25. Rae1 Rd7 26. g4 Rxe7
27. Rxe7 Qa5 28. Qe6 Qb6 29. Qe2 Qb1+ 30. Kg2 Nc7 31. Qf3+ Kb6 32. Qxf6 1-0

[Event "Steve Boniface Memorial 2017 Open"]
[Site "Bristol"]
[Date "2017.08.26"]
[Round "2.1"]
[White "Reznak, Attila"]
[Black "Dilleigh, Stephen P"]
[Result "1-0"]
[WhiteElo "2283"]
[BlackElo "2075"]
[PlyCount "135"]
[EventDate "2017.08.25"]

1. c4 e6 2. Nf3 d5 3. b3 Be7 4. Bb2 Bf6 5. Nc3 dxc4 6. bxc4 c5 7. Qb3 b6 8. e3
Bb7 9. Be2 Ne7 10. O-O O-O 11. Rab1 Nf5 12. a4 Nc6 13. Ba3 Re8 14. d3 Rb8 15.
Rfd1 g6 16. Ne4 Bg7 17. Bb2 e5 18. Bc3 Nd6 19. Nxd6 Qxd6 20. Qa3 Qc7 21. a5 Bc8
22. axb6 axb6 23. Nd2 Bd7 24. Bf3 Ra8 25. Qb2 Ra6 26. Nf1 Rea8 27. Bd5 Re8 28.
e4 Nd4 29. Ne3 Bh6 30. Re1 Kg7 31. Bxd4 exd4 32. Nf1 f6 33. Re2 Bf4 34. g3 Bd6
35. Kg2 Bc6 36. Nd2 Re7 37. Nf3 Bd7 38. Ne1 Re8 39. Nc2 Qa7 40. Ne1 Bc7 41. Nf3
Re7 42. Rbe1 Bg4 43. Rd2 Bxf3+ 44. Kxf3 Ra3 45. Kg2 Qa5 46. Ree2 Bd8 47. Qb5
Qxb5 48. cxb5 Bc7 49. f4 Bd6 50. Kf3 h5 51. h3 Ra1 52. Ra2 Ra7 53. Rxa7+ Rxa7
54. e5 Be7 55. Bc4 f5 56. g4 hxg4+ 57. hxg4 fxg4+ 58. Kxg4 Ra1 59. Kf3 Bh4 60.
Kg4 Be7 61. Kf3 Bh4 62. Rh2 Rf1+ 63. Kg4 Be7 64. Ra2 Rg1+ 65. Kf3 Re1 66. Ra7
Kf8 67. Ra8+ Kg7 68. Rg8+ 1-0

[Event "Steve Boniface Memorial 2017 Open"]
[Site "Bristol"]
[Date "2017.08.26"]
[Round "2.2"]
[White "Magrini, Fabrizio"]
[Black "Morris, Gareth L"]
[Result "0-1"]
[WhiteElo "2278"]
[BlackElo "2062"]
[PlyCount "94"]
[EventDate "2017.08.25"]

1. e4 c5 2. Nf3 Nc6 3. d4 cxd4 4. Nxd4 e5 5. Nb5 d6 6. c4 Be7 7. N1c3 a6 8. Na3
Be6 9. Nc2 Bg5 10. Bxg5 Qxg5 11. Nd5 Qd8 12. Bd3 Nf6 13. b4 Rc8 14. O-O O-O 15.
Re1 Ng4 16. h3 Nh6 17. Qd2 Kh8 18. Nde3 Qg5 19. Nf1 Qh4 20. Ng3 Ne7 21. Ne3 g6
22. Nd5 Nhg8 23. Rac1 f5 24. Nf1 f4 25. f3 Nc6 26. Red1 Nd4 27. Qf2 Qd8 28. Nd2
Ne7 29. Nxe7 Qxe7 30. Nb3 Nc6 31. Qb6 Qc7 32. Qxc7 Rxc7 33. a3 b6 34. Bf1 Rd7
35. b5 axb5 36. cxb5 Na7 37. Nd2 Rc8 38. Rxc8+ Nxc8 39. Bc4 d5 40. exd5 Bxd5
41. Ne4 Be6 42. Rc1 Rc7 43. Bxe6 Rxc1+ 44. Kf2 Ne7 45. a4 Ra1 46. Bb3 Nf5 47.
Ke2 Nd4+ 0-1

[Event "Steve Boniface Memorial 2017 Open"]
[Site "Bristol"]
[Date "2017.08.26"]
[Round "2.3"]
[White "Musson, Adam J"]
[Black "Stewart, Ashley"]
[Result "0-1"]
[WhiteElo "2071"]
[BlackElo "2112"]
[PlyCount "242"]
[EventDate "2017.08.25"]

1. d4 Nf6 2. c4 g6 3. Nc3 Bg7 4. e4 d6 5. Be2 O-O 6. Nf3 e5 7. d5 a5 8. Bg5 Na6
9. Nd2 Nc5 10. b3 Bd7 11. a3 Qe8 12. O-O h6 13. Be3 b6 14. b4 Na4 15. Nxa4 Bxa4
16. Qc1 Bd7 17. c5 Bb5 18. Qd1 Nh5 19. cxd6 cxd6 20. Bxb5 Qxb5 21. Rb1 a4 22.
Qf3 Rac8 23. Rfc1 Nf4 24. Bxf4 exf4 25. Qxf4 Bb2 26. Rd1 Rc2 27. Qxd6 Qe2 28.
Qf4 Rfc8 29. d6 Bc1 30. Qf3 Qb5 31. Nf1 Bg5 32. Qd3 Qd7 33. Ne3 R2c3 34. Qd4
Bxe3 35. fxe3 b5 36. e5 Rc2 37. Rd2 R8c4 38. Rxc2 Rxc2 39. Qd3 Qc6 40. e4 Rc3
41. Qe2 Rc2 42. Qe3 Rc3 43. Qf4 Qb6+ 44. Kh1 Qb7 45. Rf1 Qd7 46. Qf6 Rd3 47.
Qe7 Qe6 48. h3 Qc4 49. Qd8+ Kg7 50. Qf6+ Kg8 51. Kh2 Rd2 52. e6 Qxe6 53. Qxe6
fxe6 54. e5 Rd5 55. Re1 Kf7 56. Kg3 Rd3+ 57. Kf4 Rxa3 58. Ke4 Rb3 59. Rf1+ Ke8
60. Kd4 Rxb4+ 61. Kc5 Rb2 62. Kc6 Rc2+ 63. Kxb5 a3 64. Ra1 a2 65. g4 Kd7 66.
Kb4 Re2 67. Kb3 Rxe5 68. Rxa2 Re3+ 69. Kc4 Kxd6 70. Kd4 Rxh3 71. Ra6+ Ke7 72.
Ke5 Re3+ 73. Kf4 Re1 74. Ra5 g5+ 75. Kf3 Kf6 76. Rb5 Rf1+ 77. Kg3 Rf4 78. Rb8
Ke7 79. Rh8 Rf6 80. Ra8 Rf1 81. Rh8 Rh1 82. Kg2 Rh4 83. Kg3 Kf6 84. Rf8+ Ke5
85. Rd8 Rh1 86. Kg2 Re1 87. Rf8 Re3 88. Rf7 Ra3 89. Rf2 Ra4 90. Kg3 Rf4 91.
Re2+ Kd5 92. Rh2 Rf6 93. Ra2 e5 94. Rc2 Rd6 95. Kf3 e4+ 96. Ke3 Ke5 97. Rf2
Rd3+ 98. Ke2 Rg3 99. Rh2 Rxg4 100. Rxh6 Rg2+ 101. Ke3 Rg3+ 102. Ke2 Ra3 103.
Rh8 g4 104. Re8+ Kf4 105. Rf8+ Kg3 106. Rh8 Rf3 107. Rh7 Kg2 108. Rh4 Kg3 109.
Rh7 Rf6 110. Rg7 Kh3 111. Rh7+ Kg2 112. Rh4 Kg3 113. Rh7 Rf5 114. Rh8 Kg2 115.
Rh4 g3 116. Rxe4 Rh5 117. Re3 Kh2 118. Kf3 g2 119. Re2 Rf5+ 120. Kg4 Rf1 121.
Rd2 Kh1 0-1

[Event "Steve Boniface Memorial 2017 Open"]
[Site "Bristol"]
[Date "2017.08.26"]
[Round "2.4"]
[White "Bicknell, Carl"]
[Black "Brown, Geoffrey M"]
[Result "1-0"]
[WhiteElo "2103"]
[BlackElo "1772"]
[PlyCount "147"]
[EventDate "2017.08.25"]

1. e4 e6 2. d4 d5 3. Nc3 Bb4 4. e5 b6 5. Qg4 Bf8 6. Bg5 Qd7 7. O-O-O h6 8. Be3
Nc6 9. Nge2 h5 10. Qg5 g6 11. f4 Ba6 12. Bf2 Nce7 13. Qg3 c6 14. Qf3 Nf5 15. g3
Bxe2 16. Bxe2 b5 17. h3 Be7 18. Qd3 a5 19. Nb1 a4 20. Nd2 Kd8 21. Nf3 Kc7 22.
g4 Ng7 23. Ng5 Rf8 24. Kb1 Bd8 25. Rc1 Kb7 26. b3 a3 27. c4 hxg4 28. cxb5 cxb5
29. Rc5 Bb6 30. Rxb5 Ra8 31. Bxg4 Nh6 32. Bf3 Rhc8 33. Be1 Ne8 34. Rb4 Nc7 35.
Bf2 Na6 36. Ra4 Nb8 37. Rxa8 Kxa8 38. Rc1 Rxc1+ 39. Kxc1 Ba5 40. Be2 Qc6+ 41.
Qc2 Kb7 42. Qxc6+ Kxc6 43. Bd3 Bc3 44. Kc2 Bb2 45. b4 Nd7 46. Kb3 Nb6 47. Be3
Kd7 48. b5 Ke8 49. Kb4 Ng8 50. Kc5 Na4+ 51. Kd6 Ne7 52. Bc2 Nb6 53. Kc7 Nec8
54. Bf2 Bc3 55. Nh7 Ba5 56. Kb7 Ne7 57. Ka6 Nc4 58. Bb3 Bd8 59. Nf6+ Kf8 60.
Be1 Nc8 61. Bxc4 dxc4 62. Ne4 Nb6 63. Bb4+ Kg7 64. Bxa3 Nd5 65. Bc1 Nb4+ 66.
Kb7 Nxa2 67. Bd2 f5 68. exf6+ Bxf6 69. Nxf6 Kxf6 70. b6 c3 71. Bxc3 Nxc3 72.
Kc6 Nd5 73. b7 Ne7+ 74. Kc5 1-0

[Event "Steve Boniface Memorial 2017 Open"]
[Site "Bristol"]
[Date "2017.08.26"]
[Round "2.5"]
[White "Cherupalli, Ramprasad"]
[Black "Beaumont, Chris R"]
[Result "0-1"]
[WhiteElo "1898"]
[BlackElo "2282"]
[PlyCount "72"]
[EventDate "2017.08.25"]

1. d4 g6 2. e4 Bg7 3. Nf3 d6 4. h3 Nf6 5. Bd3 O-O 6. Be3 Nc6 7. c3 e5 8. O-O d5
9. Nbd2 dxe4 10. Nxe4 Nd5 11. Bg5 f6 12. Bh4 g5 13. Nexg5 fxg5 14. Nxg5 Bf5 15.
g4 Bg6 16. Bxg6 hxg6 17. Qd3 Nf4 18. Qc4+ Qd5 19. Qxd5+ Nxd5 20. Ne6 Rf7 21.
Nxg7 Kxg7 22. dxe5 Nxe5 23. Bg3 Nf4 24. Bxf4 Rxf4 25. Rad1 Raf8 26. Rd5 Kf6 27.
Kg2 Ke6 28. Rd2 Re4 29. b3 Nf3 30. Rb2 g5 31. Kg3 Nh4 32. c4 Rf3+ 33. Kh2 Ng6
34. Kg2 Rd3 35. f3 Ree3 36. Rbf2 Ke5 0-1

[Event "Steve Boniface Memorial 2017 Open"]
[Site "Bristol"]
[Date "2017.08.26"]
[Round "2.6"]
[White "Smith, Lynda"]
[Black "Kalavannan, Koby"]
[Result "0-1"]
[WhiteElo "1870"]
[BlackElo "2201"]
[PlyCount "78"]
[EventDate "2017.08.25"]

1. e4 c5 2. c3 Nf6 3. e5 Nd5 4. d4 cxd4 5. cxd4 d6 6. Nf3 Nc6 7. Bc4 Nb6 8. Bb3
d5 9. Nh4 e6 10. Nf3 Be7 11. O-O Bd7 12. Nc3 a6 13. a3 Rc8 14. Qd3 Nc4 15. Bc2
b5 16. b3 Nxa3 17. Bxa3 Bxa3 18. Rxa3 b4 19. Rxa6 bxc3 20. Ra4 Qb6 21. Ng5 h6
22. Nxf7 Kxf7 23. Qg6+ Kg8 24. Rfa1 Ne7 25. Qd3 Bxa4 26. Rxa4 Qb7 27. Qh3 Rc6
28. Qh5 Kf8 29. g4 g6 30. Qh3 Kg7 31. Qd3 h5 32. Qf3 Rf8 33. Qg2 hxg4 34. Qxg4
Nf5 35. h4 Rh8 36. Qg5 Qe7 37. Ra7 Qxa7 38. Qf6+ Kh7 39. Bxf5 gxf5 0-1

[Event "Steve Boniface Memorial 2017 Open"]
[Site "Bristol"]
[Date "2017.08.26"]
[Round "2.7"]
[White "Georgiou, George"]
[Black "Homer, Stephen J"]
[Result "1/2-1/2"]
[WhiteElo "1863"]
[BlackElo "2012"]
[PlyCount "72"]
[EventDate "2017.08.25"]

1. d4 Nf6 2. c4 e6 3. Nc3 Bb4 4. Qc2 c5 5. dxc5 Bxc5 6. Nf3 O-O 7. e3 b6 8. Be2
Bb7 9. a3 d5 10. b4 Be7 11. cxd5 Nxd5 12. Nxd5 Bxd5 13. O-O Qc8 14. Qb1 Bf6 15.
Bb2 Bxb2 16. Qxb2 Qb7 17. Rfd1 Nd7 18. Rac1 Nf6 19. Ne1 Rac8 20. Bf3 h6 21.
Bxd5 Nxd5 22. Nf3 Rxc1 23. Rxc1 Rc8 24. Nd4 Rxc1+ 25. Qxc1 Qd7 26. Qc6 Qxc6 27.
Nxc6 a6 28. Nb8 a5 29. bxa5 bxa5 30. Nc6 a4 31. Ne5 Nb6 32. Kf1 f6 33. Nd3 Kf7
34. Ke2 Ke7 35. Nb2 Kd6 36. Kd3 Kc5 1/2-1/2

[Event "Steve Boniface Memorial 2017 Open"]
[Site "Bristol"]
[Date "2017.08.26"]
[Round "2.8"]
[White "Bennett, Dominic L"]
[Black "Bramson, Mike"]
[Result "1/2-1/2"]
[WhiteElo "1962"]
[BlackElo "1846"]
[PlyCount "81"]
[EventDate "2017.08.25"]

1. Nf3 d5 2. d4 Nf6 3. c4 e6 4. g3 Be7 5. Bg2 O-O 6. O-O c6 7. Qc2 Nbd7 8. Nbd2
Bd6 9. e4 dxe4 10. Nxe4 Nxe4 11. Qxe4 h6 12. a4 Re8 13. Bf4 Nf8 14. Rfd1 Bxf4
15. Qxf4 Ng6 16. Qe3 Bd7 17. b4 Qe7 18. b5 f6 19. h4 Qf7 20. Bh3 e5 21. Bxd7
Qxd7 22. h5 exd4 23. Qxd4 Qxd4 24. Rxd4 Nf8 25. Rad1 Rac8 26. R1d2 cxb5 27.
cxb5 Rc5 28. Rd5 Rc3 29. Kg2 Kf7 30. Nh4 Re5 31. Rd8 Re8 32. R8d4 Rc5 33. g4
Re1 34. Nf5 Rc7 35. Nd6+ Ke7 36. a5 b6 37. Nf5+ Kf7 38. axb6 axb6 39. Nd6+ Ke7
40. Nf5+ Kf7 41. Nd6+ 1/2-1/2

[Event "Steve Boniface Memorial 2017 Open"]
[Site "Bristol"]
[Date "2017.08.26"]
[Round "2.9"]
[White "Kramaley, David"]
[Black "Turner, Joseph D"]
[Result "1-0"]
[WhiteElo "1832"]
[BlackElo "1931"]
[Annotator "Tipper, Dave"]
[PlyCount "75"]
[EventDate "2017.08.25"]

1. e4 Nc6 2. Nf3 d6 3. h3 g6 4. d4 Bg7 5. c3 f5 6. exf5 Bxf5 7. d5 Ne5 8. Nd4
Bd7 9. f4 Nf7 10. Ne6 Bxe6 11. dxe6 Nfh6 12. g4 c6 13. Qe2 Qa5 14. Nd2 O-O-O
15. Nb3 Qa4 16. Bg2 Rf8 17. O-O Nf6 18. g5 Nf5 19. gxf6 Bxf6 20. Rf3 Nh4 21.
Rd3 Qc4 22. Nd2 Qxf4 23. Nf3 Nxf3+ 24. Rxf3 Qa4 25. Bh6 Re8 26. Rxf6 exf6 27.
e7 Kd7 28. Re1 Qxa2 29. c4 Kc7 30. Bg7 Rhg8 31. Bxf6 Qa5 32. Kh1 g5 33. Be4 g4
34. Bxh7 Qh5 35. Bxg8 Qxh3+ 36. Kg1 Qg3+ 37. Kf1 Rxg8 38. Qe3 {Black lost on
time} 1-0

[Event "Steve Boniface Memorial 2017 Open"]
[Site "Bristol"]
[Date "2017.08.26"]
[Round "2.10"]
[White "Macnaughton, Alistair Kj"]
[Black "Gogia, Armaan"]
[Result "1-0"]
[WhiteElo "1908"]
[BlackElo "1272"]
[PlyCount "37"]
[EventDate "2017.08.25"]

1. e4 c5 2. c3 e6 3. d4 cxd4 4. cxd4 d5 5. e5 Nc6 6. Nc3 Nge7 7. Nf3 Nf5 8. Bb5
Bb4 9. O-O Qb6 10. Ba4 Bd7 11. Be3 Nxe3 12. fxe3 Bxc3 13. bxc3 Qa5 14. Ng5 O-O
15. Bxc6 bxc6 16. Qh5 h6 17. Nxf7 Be8 18. Nxh6+ Kh7 19. Nf7+ 1-0

[Event "Steve Boniface Memorial 2017 Open"]
[Site "Bristol"]
[Date "2017.08.26"]
[Round "2.11"]
[White "Wilks, Simon"]
[Black "Stranger, Morris"]
[Result "0-1"]
[WhiteElo "1997"]
[BlackElo "1998"]
[PlyCount "100"]
[EventDate "2017.08.25"]

1. e4 e6 2. d4 d5 3. Nc3 Nf6 4. Bg5 Bb4 5. e5 h6 6. Be3 Ne4 7. Qg4 g6 8. a3
Bxc3+ 9. bxc3 c5 10. dxc5 Qa5 11. Ne2 Nc6 12. f3 Nxc5 13. Qh4 b6 14. Bd2 Qa4
15. Nd4 Nxd4 16. cxd4 Nd7 17. Bb4 g5 18. Qf2 Ba6 19. Bxa6 Qxa6 20. h4 O-O-O 21.
Qe2 Qxe2+ 22. Kxe2 Rdg8 23. hxg5 hxg5 24. Bd2 g4 25. Rxh8 gxf3+ 26. gxf3 Rxh8
27. Rg1 Rh7 28. f4 Kb7 29. Rg8 Nb8 30. Rg5 Nc6 31. c3 Na5 32. f5 exf5 33. Bf4
Nc4 34. Rxf5 Nxa3 35. Rf6 Nc4 36. Kf3 a5 37. Kg4 a4 38. Bg5 a3 39. Rf1 a2 40.
Kf5 Kc6 41. Ra1 Rh2 42. Kf6 Rf2+ 43. Ke7 Na5 44. Bf6 Nb3 45. Rg1 Rc2 46. Kxf7
Nc1 47. e6 a1=Q 48. e7 Re2 49. Be5 Rf2+ 50. Ke6 Qa8 0-1

[Event "Steve Boniface Memorial 2017 Open"]
[Site "Bristol"]
[Date "2017.08.26"]
[Round "2.12"]
[White "Davis, Lee"]
[Black "Burnett, Leon P"]
[Result "0-1"]
[WhiteElo "1945"]
[BlackElo "1899"]
[PlyCount "74"]
[EventDate "2017.08.25"]

1. d4 Nf6 2. g3 e6 3. Bg2 d5 4. Nf3 b6 5. O-O Bb7 6. c4 Be7 7. cxd5 exd5 8. Nc3
O-O 9. Bf4 Nh5 10. Be3 Nd7 11. Qb3 c6 12. Rac1 Nhf6 13. Rfd1 Bd6 14. Nh4 g6 15.
Bg5 Be7 16. Nf3 Kg7 17. Ne5 Nxe5 18. dxe5 Ng4 19. Bf4 g5 20. Bh3 Nxf2 21. Kxf2
gxf4 22. Ne4 Qb8 23. Nf6 Qxe5 24. Nd7 Qe3+ 25. Qxe3 fxe3+ 26. Kg1 Rfd8 27. Ne5
c5 28. Rf1 Bf6 29. Nd3 Bc8 30. Bg2 Be6 31. Rf3 c4 32. Nf4 Bxb2 33. Rb1 Be5 34.
Nxe6+ fxe6 35. Bh3 Re8 36. Rbf1 Re7 37. Kg2 d4 0-1

[Event "Steve Boniface Memorial 2017 Open"]
[Site "Bristol"]
[Date "2017.08.26"]
[Round "3.1"]
[White "Morris, Gareth L"]
[Black "Reznak, Attila"]
[Result "0-1"]
[WhiteElo "2062"]
[BlackElo "2283"]
[PlyCount "82"]
[EventDate "2017.08.25"]

1. d4 Nf6 2. Nf3 e6 3. c4 b6 4. a3 Bb7 5. Nc3 d5 6. cxd5 Nxd5 7. Qc2 Be7 8. e4
Nxc3 9. bxc3 O-O 10. Bd3 c5 11. O-O h6 12. Qe2 Qc8 13. Bb2 Ba6 14. Rad1 Bxd3
15. Qxd3 Rd8 16. Rfe1 Nc6 17. Qe2 Na5 18. d5 c4 19. Nd4 exd5 20. exd5 Bf6 21.
Qf3 Bxd4 22. Rxd4 Rd6 23. Qe4 Qd7 24. h3 Rd8 25. Red1 b5 26. a4 Nb3 27. Ba3 Rg6
28. axb5 Nxd4 29. Rxd4 Qxb5 30. Be7 Rd7 31. d6 Re6 32. Qa8+ Kh7 33. Qe8 Re1+
34. Kh2 Qf5 35. Rg4 Rxd6 36. Rxg7+ Kxg7 37. Qf8+ Kh7 38. Bxd6 Qxf2 39. Qb8 Qg1+
40. Kg3 Re3+ 41. Kh4 Qxg2 0-1

[Event "Steve Boniface Memorial 2017 Open"]
[Site "Bristol"]
[Date "2017.08.26"]
[Round "3.2"]
[White "Stewart, Ashley"]
[Black "Bicknell, Carl"]
[Result "1-0"]
[WhiteElo "2112"]
[BlackElo "2103"]
[PlyCount "99"]
[EventDate "2017.08.25"]

1. c4 c5 2. g3 g6 3. Bg2 Bg7 4. Nc3 Nc6 5. Nf3 e5 6. O-O Nge7 7. a3 a5 8. Ne1
O-O 9. Nc2 d6 10. Ne3 Rb8 11. Rb1 Be6 12. Ned5 Bxd5 13. cxd5 Na7 14. d3 Qd7 15.
Bd2 b5 16. b4 cxb4 17. axb4 a4 18. e4 Rb7 19. Be3 Rc7 20. Qd2 Rfc8 21. Rbc1 Rb8
22. Rc2 Rbb7 23. Rfc1 Nec8 24. h4 Ne7 25. Kh2 Nac8 26. Bh3 f5 27. Nb1 Bf6 28.
Na3 Rxc2 29. Rxc2 Kf7 30. Qc1 h5 31. Nb1 Ke8 32. Nd2 Kd8 33. exf5 gxf5 34. Ne4
Bg7 35. Bg5 Nb6 36. Bf6 Nbxd5 37. Bxg7 Nxb4 38. Re2 Qc7 39. Qh6 Ng8 40. Bf6+
Kd7 41. Qg7+ Kc6 42. Qxg8 fxe4 43. Qe8+ Kc5 44. d4+ Kxd4 45. Bg2 Kd3 46. Rxe4
Nd5 47. Qxh5 Nxf6 48. Qf3+ Kc2 49. Re2+ Kb1 50. Qd3+ 1-0

[Event "Steve Boniface Memorial 2017 Open"]
[Site "Bristol"]
[Date "2017.08.26"]
[Round "3.3"]
[White "Beaumont, Chris R"]
[Black "Macnaughton, Alistair Kj"]
[Result "1-0"]
[WhiteElo "2282"]
[BlackElo "1908"]
[PlyCount "97"]
[EventDate "2017.08.25"]

1. Nf3 Nf6 2. c4 Nc6 3. d4 e6 4. g3 Bb4+ 5. Nbd2 O-O 6. Bg2 d6 7. O-O Bxd2 8.
Bxd2 a5 9. Qc2 e5 10. d5 Ne7 11. e4 Nh5 12. c5 f5 13. Ng5 f4 14. cxd6 cxd6 15.
Rac1 Qb6 16. Qc7 Qxc7 17. Rxc7 h6 18. Ne6 Bxe6 19. dxe6 Nc6 20. Bc3 Nf6 21. Rd1
f3 22. e7 Rf7 23. e8=Q+ Nxe8 24. Rxf7 Kxf7 25. Bxf3 b5 26. b3 Rc8 27. Be2 b4
28. Bc4+ Ke7 29. Bb2 Nf6 30. f3 Nd7 31. Kf2 Nc5 32. Ke3 a4 33. f4 axb3 34. axb3
Ne6 35. Ra1 Ned4 36. Bxd4 Nxd4 37. Ra7+ Kf6 38. Rf7+ Kg6 39. f5+ Kh7 40. f6 Kg6
41. fxg7 Rg8 42. Rd7 Rxg7 43. Rxd6+ Kg5 44. h3 h5 45. Rd5 Kf6 46. Kf2 Ra7 47.
Rd6+ Kg5 48. Be2 Ra2 49. h4# 1-0

[Event "Steve Boniface Memorial 2017 Open"]
[Site "Bristol"]
[Date "2017.08.26"]
[Round "3.4"]
[White "Kalavannan, Koby"]
[Black "Kramaley, David"]
[Result "1-0"]
[WhiteElo "2201"]
[BlackElo "1832"]
[PlyCount "47"]
[EventDate "2017.08.25"]

1. d4 d5 2. Nf3 Nf6 3. c4 c6 4. Qb3 dxc4 5. Qxc4 Bf5 6. g3 e6 7. Bg2 Nbd7 8.
O-O Bd6 9. Nc3 O-O 10. Nh4 Bg4 11. e4 e5 12. h3 Bh5 13. Bg5 Qa5 14. dxe5 Nxe5
15. Qb3 Bb4 16. Bxf6 gxf6 17. f4 Nd3 18. g4 Bg6 19. Qc2 Bc5+ 20. Kh1 Nxf4 21.
Rxf4 Bd6 22. Rff1 Qe5 23. Nf3 Qf4 24. Qd2 1-0